000
00362nam a2200157Ia 4500
008
230605s2006 xx 000 0 und d
041
_a
eng
100
_a
Ryan
245
_a
Recreational tourism demand and lmpacts
260
_b
Viva books Mumbai
_c
2006
300
_a
358p
365
_h
20
520
_a
General
520
_a
Hard Board
650
_a
Tourism
999
_c
421242
_d
421242